| 000 | 01580nam a2200421Ii 4500 | ||
|---|---|---|---|
| 001 | DIGEDICNSB0110 | ||
| 003 | NyNyDIG | ||
| 008 | 221020s2014 sp ao o 000 0 spa d | ||
| 006 | m o d | ||
| 007 | cr ||||||||||| | ||
| 035 | _a(OCoLC)1379453592 | ||
| 040 |
_aDGITA _beng _erda _epn _cDGITA |
||
| 020 |
_a9788490198131 _qeBook |
||
| 020 | _z9788466654807 | ||
| 043 | _ae-sp--- | ||
| 050 | 1 | 4 | _aPQ6666.A43 ebook |
| 100 | 1 |
_aPalomares, Alfonso, _eauthor. |
|
| 245 | 1 | 0 |
_aSiempre llega la noche / _cAlfonso S. Palomares. |
| 250 | _aEdición en formato digital. | ||
| 264 | 1 |
_aBarcelona (España) : _bEdiciones B, _c[2014] |
|
| 300 |
_a1 online resource : _billustrations, photographs. |
||
| 336 |
_atext _btxt _2rdacontent |
||
| 337 |
_acomputer _bc _2rdamedia |
||
| 338 |
_aonline resource _bcr _2rdacarrier |
||
| 347 |
_atext file _2rdaft |
||
| 347 | _bEPUB | ||
| 500 | _a"Momentos estelares de medio siglo de periodismo." | ||
| 588 | 0 | _aOnline resource; title from ePub title page (Digitalia, viewed October 20, 2022) | |
| 600 | 1 | 0 | _aPalomares, Alfonso. |
| 650 | 0 |
_aAuthors, Spanish _y20th century _vBiography. |
|
| 650 | 0 |
_aJournalists _zSpain _y20th century _vBiography. |
|
| 791 | 2 |
_aDigitalia (Firm), _edistributor. |
|
| 793 | 0 |
_gDigitalia eBook Collection: _aEdiciones B |
|
| 776 | 0 | 8 |
_iPrint version: _aPalomares, Alfonso. _tSiempre llega la noche. _dBarcelona (España) : Ediciones B, [2014] _z9788466654807 |
| 856 | 4 | 0 |
_3Digitalia Hispánica _uhttps://www.digitaliapublishing.com/a/53460/ |
| 910 | _aPremium collection: 2022 | ||
| 942 | _cRAA | ||
| 999 |
_c253587 _d253587 |
||